Poznámky k souvislostem technologického převratu s přestavbou hospodářského mechanismu

Bibliographic Details
Main Author: Valenta, František, 1928-2002 (Author)
Format: Article
Language:Czech
Subjects:

MARC

LEADER 00000nab a2200000 a 4500
001 vtls000327520
003 SK-MaSNL
005 20260304233201.0
008 111202c1988 xo 0 cze
015 |a SNBRA19rr/mm-uuuuu 
035 |a CL0327642 
040 |a SNKBUCL  |b slo  |c SNKBUCL  |e AACR2 
041 0 |a cze 
044 |a xo  |c SK 
080 |a 330.341.1:338.2  |2 1981 
080 |a 338.2  |2 1981 
100 1 |a Valenta, František,  |d 1928-2002  |4 aut  |9 156172 
245 1 0 |a Poznámky k souvislostem technologického převratu s přestavbou hospodářského mechanismu  |c František Valenta 
650 0 7 |a vedecko-technický rozvoj  |2 snkbucl  |9 3999 
655 7 |a články zo zborníkov  |2 snkbucl  |9 166140 
773 0 |t Podmienky efektívnej realizácie vedeckotechnického rozvoja  |d Bratislava : Dom techniky ČSVTS, 1988 
850 |a Slovenská národná knižnica v Martine  |a MTA001 
852 |a SNK  |b KIS3GCP 
958 |a RK 
992 |a RZB 
999 |c 3197621  |d 3199551